Obálka
Pro půjčování e-knih musíte být přihlášeni.
Jak si půjčit online?

Anglická zahrada : takhle asi vypadá peklo... /

Psychologický krimithriller, inspirovaný skutečným případem zmizení dvou malých chlapců.

Uloženo v:
Hlavní autor: Klabouchová, Petra, 1980- (Autor)
Médium: E-audiokniha
Jazyk:Czech
Vydáno: Praha : XYZ, 2024
Vydání:Vydání druhé
Témata:
Tagy:
Žádné tagy
LEADER 03361nam a2200661 i 4500
001 313398
003 CZ PrSKC
005 20260601215741.0
007 ta
008 241017s2024 xr g 000 f cze
015 |a cnb003637360 
020 |a 9788076836594  |q (vázáno) :  |c Kč 399,00 
035 |a (OCoLC)1477950634 
040 |a ABG001  |b cze  |e rda 
072 7 |a 821.162.3-3  |x Česká próza  |2 Konspekt 
080 |a 821.162.3-31  |2 MRF 
080 |a (0:82-312.4)  |2 MRF 
100 1 |a Klabouchová, Petra,  |d 1980-  |7 ola2006345384  |4 aut 
245 1 0 |a Anglická zahrada :  |b takhle asi vypadá peklo... /  |c Petra Klabouchová 
250 |a Vydání druhé 
264 1 |a Praha :  |b XYZ,  |c 2024 
300 |a 286 stran ;  |c 22 cm 
336 |a text  |b txt  |2 rdacontent 
337 |a bez média  |b n  |2 rdamedia 
338 |a svazek  |b nc  |2 rdacarrier 
520 2 |a Psychologický krimithriller, inspirovaný skutečným případem zmizení dvou malých chlapců.  |b Náhlé zmizení dvou desetiletých chlapců zasáhne dramatickým způsobem do životů všech obyvatel malého městečka. Obětí bezhlavého vyšetřování se stává rodina zmizelých chlapců, stejně jako celá řada dalších místních postav. Příběh je inspirovaný skutečnými událostmi z roku 2006. Nakladatelská anotace. Kráceno. 
655 7 |a české romány  |7 fd133974  |2 czenas 
655 7 |a detektivní romány  |7 fd132010  |2 czenas 
655 7 |a thrillery (romány)  |7 fd184206  |2 czenas 
655 9 |a Czech fiction  |2 eczenas 
655 9 |a detective novels  |2 eczenas 
655 9 |a thrillers (novels)  |2 eczenas 
900 |a ABA001  |b 19 
928 9 |a Albatros Media - XYZ 
044 |a xr 
505 0 0 |t 1. Uvod (10 min., 14 sek.) 
505 0 0 |t 2. 5.cervna 23.50 mistni policejni sluzebna (28 min., 36 sek.) 
505 0 0 |t 3. 6.cervna 7.30_mistni policejni sluzebna (3 min., 43 sek.) 
505 0 0 |t 4. 6.cervna regionalni_denik (10 min., 41 sek.) 
505 0 0 |t 5. 6.cervna 19.30 verejna vyzva rodicu (6 min., 22 sek.) 
505 0 0 |t 6. 7. cervna 9.30 celostatni denik (21 min., 3 sek.) 
505 0 0 |t 7. 12.cervna vecerni zpravodajstvi (5 min., 27 sek.) 
505 0 0 |t 8. 13.cervna okresni nemocnice (17 min., 52 sek.) 
505 0 0 |t 9. 19.cervna hlavni_televizni zpravy (7 min., 23 sek.) 
505 0 0 |t 10. 25.cervna nedelni mse v kostele sv.Matouse (27 min., 55 sek.) 
505 0 0 |t 11. 26.cervna celostatni denik (26 min., 41 sek.) 
505 0 0 |t 12. 28.cervna vecerni zpravy (28 min., 2 sek.) 
505 0 0 |t 13. 30.cervna mimoradne televizni zpravodajstvi (35 min., 17 sek.) 
505 0 0 |t 14. 19.cervence celostatni denik (39 min., 10 sek.) 
505 0 0 |t 15. verejny dopis starosty mesta publikovany v celostatnim deniku (41 min., 10 sek.) 
505 0 0 |t 16. televizni zpravy (55 min., 40 sek.) 
505 0 0 |t 17. celostatni_deniky (1 hod., 18 min., 21 sek.) 
505 0 0 |t 18. televizni_noviny (44 min., 58 sek.) 
505 0 0 |t 19 celostatni novinove vydani (59 min., 35 sek.) 
505 0 0 |t 20. televizni zpravy (38 min., 45 sek.) 
910 |a RBIT002 
998 |d 417229  |a https://core.palmknihy.cz/api/books/417229/cover?srb8s2  |b https://core.palmknihy.cz/api/books/417229/cover/400?srb8s2  |c https://core.palmknihy.cz/api/books/417229/cover/50?srb8s2  |e 2030-12-31  |i 9788076836594  |l 35220  |q 49  |r 1  |s https://www.palmknihy.cz/kniha/417229  |t audiobook  |y 2025  |z 0 
999 |d 313396